000 nam a22 7a 4500
999 _c8372
_d8372
008 180116b ||||| |||| 00| 0 eng d
100 _aBabu.P.S.
_94703
245 _aThe Hare and the tortoise
260 _aChennai
_c2003